| 000 | 01277nam0a22002891 4500 | ||
|---|---|---|---|
| 001 | v19\rc\1317334 | ||
| 005 | 20250620060511.0 | ||
| 035 | _a(NLR Aleph) 005202321 | ||
| 090 |
_a5322747 _c5322747 |
||
| 100 | _a20060512e19001900|||y0rusy50 ca | ||
| 101 | 0 | _arus | |
| 102 | _aRU | ||
| 105 | _aa z ||||| | ||
| 200 | 1 | _aПривилегия доктору Стефану Хаджи-Ристичу (d-r Stefan Hagyi-Ristic) на способ и аппарат для консервирования кормовых зерен в малых объемах | |
| 210 |
_aСанкт-Петербург _cтип. Градоначальства _d[1900] |
||
| 215 | _a4 с., 1 л. черт. | ||
| 309 | _aБез тит. л. и обл. | ||
| 311 | _aОтд. отт. из журн. "С. Х. и Л." за февр. N 2 | ||
| 488 | 0 |
_12001#$aСельское хозяйство и лесоводство$v1900, февр., N 2 _tСельское хозяйство и лесоводство |
|
| 702 | 1 |
_aХаджи-Ристич _bС. _gСтефан _4570 |
|
| 790 | 1 |
_aРистич _bС. _gСтефан |
|
| 801 | 0 |
_aRU _bNLR _c20060512 _gpsbo |
|
| 801 | 1 |
_aRU _bProSoft-M _c20060512 _2rusmarc |
|
| 801 | 2 |
_aRU _bNLR _c20061114 _2rusmarc |
|
| 852 |
_aNLR _j20.58.5.316 |
||
| 942 | _cBOOK | ||
| 980 | _aNB | ||